|
|
|
|
| LEADER |
00000nab a2200000 ar4500 |
| 001 |
vtls008954203 |
| 003 |
SK-MaSNL |
| 005 |
20260303070313.0 |
| 008 |
070312c20070303xo wr|p|||||||000 b|slo |
| 015 |
|
|
|a SNBRBL2007/03
|2 snkbucl
|
| 038 |
|
|
|a SNKBUCL
|
| 040 |
|
|
|a SNKBUCL
|b slo
|c SNKBUCL
|e AACR2
|
| 041 |
0 |
|
|a slo
|
| 044 |
|
|
|a xo
|c SK
|
| 080 |
|
|
|a 796.332.071.4
|2 2001
|
| 080 |
|
|
|a 929 Vrba, Pavel
|2 2001
|
| 245 |
0 |
0 |
|a Bude z koštovky popíjanie slivovice?
|b s Pavlom Vrbom, trénerom MŠK Žilina a asistentom pri slovenskej futbalovej reprezentácii
|
| 300 |
|
|
|b Fotogr.
|
| 600 |
1 |
7 |
|a Vrba, Pavel
|d 1963-
|2 snkbucl
|9 1052503
|
| 650 |
0 |
7 |
|a futbal
|2 snkbucl
|9 3291
|
| 700 |
1 |
|
|a Vrba, Pavel,
|d 1963-
|4 ive
|4 aut
|9 1052503
|
| 773 |
0 |
|
|t Šport
|g Roč. 61, č. 52 (3.3.2007), s. 10-11
|x 0139-7001
|
| 852 |
|
|
|a SNK
|b KIS3GCP
|
| 958 |
|
|
|a BX
|
| 999 |
|
|
|c 1754788
|d 1756718
|